000 00207nam a2200097Ia 4500
008 240331s9999 xx 000 0 und d
082 _bJEY
100 _aJeyakanthan,
245 0 _aUnnaip pol oruvan
942 _cL
999 _c3987
_d3987